1027 1823 1197 1439 1178 1642 1007 2000 1819 1723 1130 1548 1098 1772 1026 1293 1104 1384 1252 1083 1763 1824 1975 1712 1706 1426 1323 1039 1226 1135 1529 1308 1544 1934 1515 1227 1742 1049 1874 1510 1195 1416 1910 1940 1265 1389 1504 1427 1389 1845 1377 1183 1122 1836 1994 1576 1281 1708 1447 1326 1722 1507 1412 1273 1294 1706 1189 1790 1121 1307 1971 1304 1875 1442 1659 1034 1484 1607 1474 1698 1999 1439 1292 1499 1855 1527 1689 1077 1844 1886 1289 1884 1461 1670 1371 1704 1771 1556 1373 BCNSPRNW ULIB Ver.6.0+V

เปลี่ยนเป็นภาษาไทย

Change to English
 แสดงรายละเอียดบรรณานุกรม
  กลับหน้าหลัก

Brief Record : Get Marc (ISO 2709) : E-mail record : QR code < ปิดหน้าต่าง
LEADER : 00000nam 2200000uu 4500
001    13399120511
003     ULIB
008    120921s2551||||th 000 0 tha d
020    ^a9789744517531
040    ^acl
060 04 ^aWB925^bกร451ก 2551
245 00 ^aการบูรณาการการแพทย์แผนไทย :^bสถานการณ์การให้บริการการแพทย์แผนไทย /^cหน่วยปฏิบัติการวิจัยเภสัชศาสตร์สังคม คณะเภสัชศาสตร์จุฬาลงกรณ์มหาวิทยาลัย,กรมพัฒนาการแพทย์แผนไทยและการแพทย์ทางเลือก กระทรวงสาธารณสุข; นักวิจัย: ประพจน์ เภตรากาศ, จิราพร ลิ้มปานานนท์, รัชนีจันทร์เกษ
246 30 ^aสถานการณ์การให้บริการการแพทย์แผนไทย
250    ^aพิมพ์ครั้งที่ 3
260    ^aนนทบุรี :^bศูนย์ข้อมูลเชิงยุทธศาสตร์กรมพัฒนาการแพทย์แผนไทยและการแพทย์ทางเลือก,^c2551
300    ^a216, [45] หน้า ;^c21 ซม.
500    ^aนักวิจัย: ประพจน์ เภตรากาศ, จิราพร ลิ้มปานานนท์, สุนทรีวิทยานารถไพศาล, รุจินาถ อรรถสิษฐ, เสาวณีย์ กุลสมบูรณ์,รัชนี จันทร์เกษ, วีรพงษ์ เกรียงสินยศ
500    ^aSend to Single Search
650  4 ^aการแพทย์แผนไทย^vวิจัย
650  4 ^aการแพทย์แผนโบราณ^zไทย^vวิจัย
650  4 ^aสถานพยาบาลแผนไทย^vวิจัย
650  4 ^aบริการทางการแพทย์^vวิจัย
700 0  ^aประพจน์ เภตรากาศ
700 0  ^aจิราพร ลิ้มปานานนท์
700 0  ^aสุนทรี วิทยานารถไพศาล
700 0  ^aรุจินารถ อรรถสิษฐ
700 0  ^aเสาวณีย์ กุลสมบูรณ์
700 0  ^aรัชนี จันทร์เกษ
700 0  ^aวีรพงษ์ เกรียงสินยศ
710 2  ^aจุฬาลงกรณ์มหาวิทยาลัย. ^bคณะเภสัชศาสตร์.^bหน่วยปฏิบัติการวิจัยเภสัชศาสตร์สังคม
710 2  ^aกรมพัฒนาการแพทย์แผนไทยและการแพทย์ทางเลือก
945    ^p0^l0^i17809
995    ^aกัณชพร
999    ^aใช้งานได้ทุกระบบ
รายการนี้ยังไม่มีแท็ก
คุณยังไม่ได้ล็อกอิน คุณสามารถมีกิจกรรมร่วมกับเว็บไซต์ได้ แต่ต้องล็อกอินก่อน ::
  ล็อกอิน

รายการสื่อสารสนเทศ

ลำดับที่ ประเภท เลขเรียก/บาร์โค้ด สถานที่ สถานะ
1. วิทยาศาสตร์การแพทย์ และสุขภาพ
วิทยาศาสตร์การแพทย์ และสุขภาพ
WB925 กร451ก 2551  
  Barcode: 17809
ห้องสมุดวิทยาเขตสวรรค์ประชารักษ์
►ส่วนจัดเก็บหนังสือเก่า สปร
บนชั้น
  ขอยืม

BibComment


ยังไม่เคยถูกคอมเมนท์

คอมเมนท์ทรัพยากรรายการนี้
  คอมเมนท์: การบูรณาการการแพ..


 Copyright 2026. Bcnsprnw @Library